00572nam a22001697a 450000500170000001000260001702000300004303500140007303500140008703700090010108200100011010000180012024500440013826000610018227000890024330000700033220241206123433.0 aENG-128994 ENG-142880 c950.00a978-81-940517-3-2 aEN-112526 aEN-126412 bDBAD a359.3 aSahi, Arindam aMajor Operations Navy/cBy Arindam Sahi aUttar PradeshbFalguni Publishers and Distributorsc2021 bUttar PradeshaRTB-160, Royal Tower, Shipra Sun City, Indirapuram, Ghaziabade201014 a312p.c23cm(hbk)bIncluding Bibliographical references and index.